000 00325nam a2200109Ia 4500
008 200302s9999 xx 000 0 und d
100 _aRakesh Johri
245 _aE Waste Implications regulations and Management in India regulations global best practices and current
260 _bTeri pub
260 _c2009
300 _a355 P.,
999 _c4006
_d4006